Sci-fi show by character Quiz Stats

 Plays Quiz not verified by Sporcle

Score 0/30 Timer 10:00
0 Plays Today
Character TV Show % Correct
Zoe Washburne???
76.9%
Dr. Gaius Baltar???
76.1%
Col. Jack O'Neill???
70.9%
Lt. Felix Gaeta???
70.9%
Dr. Daniel Jackson???
70.9%
Jayne Cobb???
70.1%
Maj. Samantha Carter???
70.1%
Teal'c???
69.2%
Maj. Gen. George Hammond???
69.2%
Malcolm Reynolds???
69.2%
Shepherd Book???
68.4%
Inara Serra???
66.7%
Pres. Laura Roslin???
65.8%
Col. Saul Tigh???
65%
Kaylee Frye???
65%
Character TV Show % Correct
Chief Galen Tyrol???
63.2%
Londo Mollari???
62.4%
Officer Anastasia Dualla???
59.8%
G'kar???
59%
Lennier???
59%
Vir Cotto???
56.4%
Talia Winters???
53%
Olivia Dunham???
52.1%
Peter Bishop???
52.1%
Phillip Broyles???
49.6%
Zack Allen???
46.2%
Nina Sharp???
45.3%
Walter Harriman???
45.3%
Astrid Farnsworth???
44.4%
Lincoln Lee???
41%

You're not logged in!

Compare scores with friends on all Sporcle quizzes.
Join for Free
OR
Log In

You Might Also Like...

Show Comments

Extras

Top Quizzes Today


Score Distribution

Your Account Isn't Verified!

In order to create a playlist on Sporcle, you need to verify the email address you used during registration. Go to your Sporcle Settings to finish the process.

Report this User

Report this user for behavior that violates our Community Guidelines.

Details: